Mittelalterliche Herrschafts- und Siedlungsstrukturen in Niederschlesien am Beispiel von Köben (Chobienia) an der Oder

Titel: Mittelalterliche Herrschafts- und Siedlungsstrukturen in Niederschlesien am Beispiel von Köben (Chobienia) an der Oder
Verfasser:
Beteiligt: ;
In: Prähistorische Zeitschrift, Band 86, Heft 1 (2011), Seite 100-132
alle Artikel anzeigen
Veröffentlicht: 2011
Umfang: 30 Illustrationen
Format: Aufsatz
Sprache: Deutsch
Kein Bild verfügbar
X
alg: 39176358
001A    $01999:11-11-16 
001B    $03025:14-02-23 $t10:58:27.000 
001C    $06050:19-11-16 $t08:44:22.000 
001D    $01999:11-11-16 
001U    $0utf8 
001X    $00 
002@    $0Aox 
003@    $039176358X 
007A    $039176358X $aHEB 
007T    $0Herdc0085315m 
009P    $A2 $3zusätzliche Angaben $uhttp://www.degruyter.com/view/j/prhz.2011.86.issue-1/pz.2011.006/pz.2011.006.xml?format=INT 
010@    $ager 
011@    $a2011 
021A    $aMittelalterliche Herrschafts- und Siedlungsstrukturen in Niederschlesien am Beispiel von Köben (Chobienia) an der Oder 
028A    $#Biermann, Felix Paul $7121636062 $8Biermann, Felix$Z1969- [Tp3] $9152974318 
028B/01 $71147800065 $8Nowakowski, Dominik$Z1974- [Tp3] $9423583069 
028B/02 $71150807423 $8Kieseler, Andreas [Tp3] $9424979268 
031A    $d86 $e1 $h100-132 $j2011 
034M    $a30 Illustrationen 
039B    $aIn $8--Abvc--. Prähistorische Zeitschrift. - Berlin {[u.a.] : de Gruyter, 1909-. - ISSN 0079-4848 $x201100000860001900 $9047249722 
045T    $a6,11 

lok: 39176358 78

exp: 39176358 78 1 #EPN
201B/01 $026-03-19 $t22:37:06.000 
201U/01 $0utf8 
203@/01 $0787858455 
208@/01 $a11-11-16 $be 
209A/01 $a/ $f000 $x00 
220C/01 $aTitelaufnehmer: pg 
220C/01 $aHerkunft: HI Marburg 
244Z/01 $2Trx $#Silesia $#Śląsk $#Sliezsko $#Slezsko $8--Trx--Schlesien $x01 $9391173987 
244Z/01 $#Chobienia $#Köben an der Oder $#Köben an der Oder $#Köben a. O. $#Köben a. O. $#Köben a.O. $#Köben a.O. $#Köben a. d. O. $#Köben a.d.O. $#Köben a. d. O. $#Köben a.d.O. $#Köben a. d. Oder $#Köben a.d. Oder $#Köben a. d. Oder $#Köben a.d. Oder $74098605-6 $8--Tg1--Köben, Oder $x02 $9085278238 
244Z/01 $aGeschichte 800-1400 $x03 
244Z/01 $2Trx $#arheoloogia keskaeg $#viduramžių archeologija $#archaeology Middle Ages $#régészet középkor $#archeologia średniowieczna $#archeológia stredoveká $#archeologie středověká $#Mittelalterliche Archäologie $8--Trx--Archäologie$gMittelalter $x04 $9391375288 
244Z/01 $2Trx $#asundusajalugu $#kolonizacija $#history of settlements $#településtörténet $#osadnictwo $#dejiny osídlenia $#dějiny osídlení $#osídlenie $#osídlení $8--Trx--Siedlungsgeschichte $x05 $9391357131 
244Z/01 $2Trx $#suhted, kultuurilised $#santykiai, kultūriniai $#relationships, cultural $#kapcsolatok, kulturális $#stosunki kulturalne $#vzťahy kultúrne $#vztahy kulturní $#Kulturtransfer $8--Trx--Beziehungen, kulturelle $x06 $9391374184 
244Z/01 $2Trx $8--Trx--Zeitschriftenaufsatz $x07 $9391384341 
244Z/01 $2Trx $8--Trx--elektronische Ressource $x08 $939138452X 
247C/01 $82080>Marburg/Lahn, Herder-Institut, Forschungsbibliothek, Bibliographieportal $9336309341
LEADER 00000caa a22000002c 4500
001 39176358X
003 DE-603
005 20230214105827.0
007 tu
008 161111s2011 xx |||| | u00||u|ger c
035 |a (DE-599)HEB39176358X 
040 |a DE-603  |b ger  |c DE-603  |d DE-603 
041 |a ger 
084 |a 6,11  |2 ssgn 
100 1 |a Biermann, Felix  |d 1969-  |0 (DE-603)152974318  |0 (DE-588)121636062  |2 gnd 
245 0 0 |a Mittelalterliche Herrschafts- und Siedlungsstrukturen in Niederschlesien am Beispiel von Köben (Chobienia) an der Oder 
264 0 |c 2011 
300 |b 30 Illustrationen 
700 1 |a Nowakowski, Dominik  |d 1974-  |0 (DE-603)423583069  |0 (DE-588)1147800065  |2 gnd 
700 1 |a Kieseler, Andreas  |0 (DE-603)424979268  |0 (DE-588)1150807423  |2 gnd 
773 0 8 |i In  |t Prähistorische Zeitschrift  |d Berlin ˜[u.a.] œ: de Gruyter, 1909-  |x 0079-4848  |g Band 86, Heft 1 (2011), Seite 100-132  |w (DE-603)047249722  |w (DE-600)200096-9 
856 4 2 |u http://www.degruyter.com/view/j/prhz.2011.86.issue-1/pz.2011.006/pz.2011.006.xml?format=INT  |3 zusätzliche Angaben 
924 0 |9 2080  |a (DE-603)787858455  |b DE-2080  |c HES  |d d  |g /